000 00497nam a2200181Ia 4500
005 20250508162617.0
008 008 250505s9999 xx 000 0 hin d
037 _aTextual
040 _aFEDL
_beng
_cFEDL
041 _ahin
_2eng
084 _a491.435, TIW
_qFEDL
100 _aTiwari Bholanath
245 0 _aHindi bhasha ki vakya sanrachna
260 _aDelhi, India
_bSahitya Sahekar
_c1986
300 _a406p.
942 _cTEXL
_h491.435, TIW
999 _c1377628
_d1377628